| 000 | 01527cam a22003135a 4500 | ||
|---|---|---|---|
| 001 | 18396383 | ||
| 005 | 20160608130110.0 | ||
| 008 | 141204t2015 enk frb 001 0 eng d | ||
| 010 | _a 2014042166 | ||
| 020 | _a9780190222758 (paperback) | ||
| 040 |
_aDLC _beng _cDLC _dDLC _dEG-ScBUE |
||
| 043 | _aaw----- | ||
| 082 | 0 | 4 |
_a321.0940956 _bGEL _222 |
| 100 | 1 |
_aGelvin, James L., _d1951- _929306 |
|
| 245 | 1 | 4 |
_aThe Arab uprisings : _bwhat everyone needs to know / _cJames L. Gelvin. |
| 250 | _a2nd ed. | ||
| 260 |
_aOxford ; _aNew York : _bOxford Universty Press, _cc.2015. |
||
| 300 |
_axii, 210 p. ; _c21 cm. |
||
| 500 | _aIndex : p. [195]-210. | ||
| 504 | _aIncludes bibliographical references. | ||
| 520 | _a"The Arab Uprisings: What Everyone Needs to Know answers readers' questions about the history and current state of the Arab world and addresses all aspects of the uprisings of 2010 to 2011, including their causes, the role of social media, the diverse paths they have taken, the role of the United States and the uprisings' impact on the United States, and possible outcomes" | ||
| 650 | 0 |
_aProtest movements _zArab countries _xHistory _y21st century. _2BUEsh _928748 |
|
| 650 | 0 |
_aProtest movements _zMiddle East _xHistory _y21st century. _2BUEsh _928747 |
|
| 650 | 0 |
_aProtest movements _zMiddle East. _2BUEsh _928747 |
|
| 651 | 0 |
_aArab countries _xPolitics and government _y21st century. _2BUEsh |
|
| 651 | 0 |
_aMiddle East _xPolitics and government _y21st century. _2BUEsh |
|
| 653 |
_bBUSBOL _cApril2016 |
||
| 942 | _2ddc | ||
| 999 |
_c21623 _d21595 |
||